000 00856nam a22002293a 4500
005 20240509064206.0
008 011106s1996 mx r 000 0 spa d
020 _a9682994551
035 _aUPN01000113780
049 _aLTG
050 4 _aLB2003 A1.46
_bG8.4 MA
100 1 _aGuevara Serrano, Minerva
245 1 3 _aLa enseñanza de la química en la escuela secundaria :
_bmanual para el asesor /
_cMinerva Guevara Serrano.
260 _aMéxico :
_bSEP, Comisión Nacional de los Libros de Texto Gratuitos,
_c1996.
300 _a37 P. :
_bil.
440 0 _aPrograma Nacional de Actualización Permanente
500 _a"Primer nivel"
650 4 _aMaestros en servicio, Formación de
_9390
650 4 _aQuímica
_xEstudio y enseñanza (Secundaria)
_97244
710 1 _aMéxico.
_bSubsecretaría de Educación Básica y Normal
_927954
905 _aLibro
999 _c87688
_d87688